01826cam a2200397 a 450000100090000000300090000900500170001800800410003502000220007602000250009803500240012304000700014704300120021708200200022910000410024924500400029026400380033030000230036833600260039133700280041733800270044550000510047252001190052358600440064260000670068660000740075365000720082765000900089965001070098965100780109665300230117465500450119794200120124299900170125495201570127115926174EG-ScBUE20220214103108.0090929s2009 nyu f 000 f eng d a0143117793 (pbk.) a9780143117797 (pbk.) a(OCoLC)ocn444115353 aDLCbengerdacDLCdYDXCPdC#PdBWXdCDXdT7BdPZTdDLCdEG-ScBUE ae-uk-en04a823.92222bFOU1 aFoulds, Adam,d1974-eauthor.92544114aThe quickening maze /cAdam Foulds. 1aNew York :bPenguin Books,c2009. a258 pages ;c20 cm 2rdacontentatextbtxt 2rdamediaaunmediatedbn 2rdacarrieravolumebnc aFirst published: London : Jonathan Cape, 2009. aBased on real events--tells the deeply moving story of the great nature poet John Clare and his fall into madness. aFinalist for the Man Booker Prize, 200917aClare, John,d1793-1864xMental healthvFiction.2BUEsh92544217aTennyson, Alfred Tennyson,cBaron,d1809-1892vFiction.2BUEsh925443 7aPoets, Englishy19th centuryxMental healthvFiction.9254442BUEsh 7aPsychiatric hospitalszEnglandzLondonxHistoryy19th centuryvFiction.9254452BUEsh 7aMentally illxCommitment and detentionzEnglandzLondonxHistoryy19th centuryvFiction.9254462BUEsh 7aLondon (England)xSocial conditionsy19th centuryvFiction.9254472BUEsh cJune2011bHHUUEENN 7aHistorical fiction.2gsafdvReading book 2ddccBB c15615d15615 00102ddc40708BaccahaMAINbMAINc2NDd2011-06-16epurchaseg100.00h12530l3o823.92 FOUp000024235r2025-07-15 00:00:00s2018-09-10w2011-06-16yBB